Statistiques concernant Groupes de Pays #4

Cliquez ici pour prendre le quiz!

Statistiques générales

  • Ce quiz a été pris 195 fois
  • Le résultat moyen est 14 sur 24

Statistiques - réponses

HintRéponse% Correct
Triple EntenteFrance
95%
Triple EntenteRussie
93%
Union économique eurasiatique (UEEA)Russie
93%
Nations celtiquesIrlande
88%
Triple EntenteRoyaume-Uni
86%
Nations celtiquesÉcosse
76%
Communauté d'Afrique de l'EstKenya
69%
Nations celtiquesPays de Galles
68%
Communauté d'Afrique de l'EstTanzanie
67%
Tigres asiatiquesIndonesie
63%
Tigres asiatiquesMalaisie
59%
Tigres asiatiquesThaïlande
59%
Communauté d'Afrique de l'EstOuganda
54%
Tigres asiatiquesPhilippines
53%
Communauté d'Afrique de l'EstRwanda
52%
Communauté d'Afrique de l'EstBurundi
48%
Union économique eurasiatique (UEEA)Kazakhstan
48%
Nations celtiquesBretagne
45%
Union économique eurasiatique (UEEA)Armenie
36%
Union économique eurasiatique (UEEA)Biélorussie
36%
Communauté d'Afrique de l'EstSoudan du Sud
35%
Union économique eurasiatique (UEEA)Kirghizistan
20%
Nations celtiquesIle de Man
17%
Nations celtiquesCornouailles
15%

Distribution des résultats

Percentile par nombre de réponses

% des personnes avec chaque résultat

Votre développement - résultats

Vous n’avez pas pris ce quiz